नवीन हाई स्कूल जीवविज्ञान / (Record no. 18733)

MARC details
000 -LEADER
fixed length control field 01116nam a22002537a 4500
005 - DATE AND TIME OF LATEST TRANSACTION
control field 20081117123210.0
008 - FIXED-LENGTH DATA ELEMENTS--GENERAL INFORMATION
fixed length control field 081117t xxu||||| |||| 00| 0 hin d
010 ## - LCCN (DPL NO)
LC control number HIN-85070
020 ## - INTERNATIONAL STANDARD BOOK NUMBER
Terms of availability 45.00
International Standard Book Number 8177098446
035 ## - SYSTEM CONTROL NUMBER
System control number HN-57416
037 ## - SOURCE OF ACQUISITION
Source of stock number/acquisition DBAD / PUB
040 ## - CATALOGING SOURCE
Original cataloging agency DPL
Language of cataloging HN
082 ## - DEWEY DECIMAL CLASSIFICATION NUMBER
Classification number 574
100 ## - MAIN ENTRY--PERSONAL NAME
Personal name बनर्जी, विवेकानंद
245 ## - TITLE STATEMENT
Title नवीन हाई स्कूल जीवविज्ञान /
Statement of responsibility, etc विवेकानन्द बनर्जी आदि
246 ## - VARYING FORM OF TITLE
Title proper/short title Naviin haaii school jivavigyaana
Remainder of title by Vivekanand Banerjee
260 ## - PUBLICATION, DISTRIBUTION, ETC. (IMPRINT)
Place of publication, distribution, etc पटना
Name of publisher, distributor, etc भारती भवन
Date of publication, distribution, etc 2009
270 ## - ADDRESS
Address ठाकुरबाड़ी रोड़, कदमकुआँ,
City पटना
Postal code 800003
300 ## - PHYSICAL DESCRIPTION
Extent v,179 पृ
Dimensions 22सेमी (अजिल्द)
650 ## - SUBJECT ADDED ENTRY--TOPICAL TERM
Topical term or geographic name as entry element जीव विज्ञान
650 ## - SUBJECT ADDED ENTRY--TOPICAL TERM
Topical term or geographic name as entry element Biology
942 ## - ADDED ENTRY ELEMENTS (KOHA)
Source of classification or shelving scheme Dewey Decimal Classification
Item type Hindi Books
Call number suffix बनर्जी
Classification part 574
Holdings
Withdrawn status Lost status Source of classification or shelving scheme Damaged status Not for loan Home library Current library Date acquired Cost, normal purchase price Total Checkouts Full call number Barcode Date last seen Copy number Cost, replacement price Koha item type
    Dewey Decimal Classification   Not For Loan D.B.Act.Division D.B.Act.Division 19/11/2008 45.00   574 बनर्जी HN-57416 19/11/2008 1 45.00 Hindi Books

© Delhi Public Library
Hit Counter
free hit counter